Normal view
MARC view
Entry Personal Name
001 - CONTROL NUMBER
- control field: 4230
003 - CONTROL NUMBER IDENTIFIER
- control field: ARRUPE
005 - DATE AND TIME OF LATEST TRANSACTION
- control field: 20131127135644.0
008 - FIXED-LENGTH DATA ELEMENTS
- fixed length control field: 131127|| aca||aabn | a|a d
040 ## - CATALOGING SOURCE
- Original cataloging agency: ARRUPE
- Transcribing agency: ARRUPE
100 ## - HEADING--PERSONAL NAME
- Personal name: Housman, A. E.
- Fuller form of name: (Alfred Edward),
- Dates associated with a name: 1859-1936.
670 ## - SOURCE DATA FOUND
- Source citation: Work cat.: (ARRUPE)0: Housman, A. E. (Alfred Edward), 1859-1936., Collected poems and selected prose /, 1988.